| Поле | Инд. | ПП | Название | Значение |
|---|---|---|---|---|
| Тип записи | a | |||
| Библиографический уровень | m | |||
| 001 | Контрольный номер | dbe449d5955a4ac3a413fd63e0c0c34a | ||
| 005 | Дата корректировки | 20161118150900.3 | ||
| 008 | Кодируемые данные | 060627 | ||
| 020 | c | Цена, тираж | 42.00 | |
| 040 | a | Служба первич. каталог. | НБ ТвГУ | |
| 041 | a | Код языка текста | rus | |
| 080 | a | Индекс УДК | 37.014(470)(060.55) | |
| 084 | a | Индекс другой классификации/Индекс ББК | Ч34(2Рос)я54 | |
| 090 | x | Авторский знак | Р76 | |
| a | Полочн. индекс | Ч34(2Рос) | ||
| 110 | 0_ | a | Организация/ юрисдикция | Российский общественный совет по развитию образования (РОСРО) |
| 245 | 00 | a | Заглавие | Вестник Российского общественного совета по развитию образования |
| n | Номер части/ раздела | Вып. 13 | ||
| c | Ответственность | [гл. ред. Т. Морозова] | ||
| 260 | 0_ | a | Место издания | Москва |
| b | Издательство | Альянс 2002 | ||
| c | Дата издания | 2005 | ||
| 300 | a | Объем | 52 с. | |
| b | Иллюстрации/ тип воспроизводства | ил., табл. | ||
| 583 | a | Действие | Получение впервые 245 27.06.2006 | |
| k | Исполнитель действия | Дар РОСНО | ||
| 583 | a | Действие | Приписка 95 23.04.2007 | |
| k | Исполнитель действия | Дар РОС РО | ||
| 650 | a | Основная рубрика | Образование | |
| x | Основная подрубрика | Политика развития | ||
| x | Основная подрубрика | Финансирование | ||
| z | Географическая подрубрика | Российская Федерация | ||
| 653 | a | Ключевые слова | Образование в России | |
| a | Ключевые слова | Образовательная политика | ||
| a | Ключевые слова | Система образования России | ||
| a | Ключевые слова | Развитие системы образования | ||
| a | Ключевые слова | Финансирование образования | ||
| 700 | 1_ | a | Другие авторы | Морозова Т. |
| e | Роль лиц | гл. ред. | ||
| 852 | t | Порядковый номер экземпляра | 1 | |
| p | Инвентарный номер | 845726 | ||
| 852 | t | Порядковый номер экземпляра | 1 | |
| p | Инвентарный номер | 874363 | ||
| 888 | a | Бесплатные | ||
| 952 | p | 245.2006 42.00 1 845726 | ||
| p | 95.2007 42.00 1 874363 | |||
| c | Вид литературы | К рн | ||
| 954 | a | Дата поступления на обработку | 20060628 | |
| 999 | a | Подразделение 2 | ч.з. | |
| a | Подразделение 2 | кх. |